Statystyki dla Sławne rzeki

Kliknij tutaj aby rozwiązać quiz!

Ogólne statystyki

  • Ten quiz został rozwiązany 11 574 razy
  • Średni wynik to 11 z 20

Statystyki odpowiedzi

OpisRzeka% Poprawnych
Najdłuższa w PolsceWisła
96%
Najdłuższa na świecieNil
95%
Największa na świecie
według pojemności
Amazonka
92%
Przepływa przez granicę Polski i NiemiecOdra
89%
Przepływa przez Wiedeń i BudapesztDunaj
78%
Główna rzeka LondynuTamiza
74%
Najdłuższa w Ameryce PółnocnejMissisipi-Missouri
71%
Najdłuższa w EuropieWołga
69%
Główna rzeka ParyżaSekwana
67%
Najdłuższa w AzjiJangcy
58%
Najświętsza rzeka hinduizmuGanges
50%
Przepływa przez Dusseldorf i BaselRen
45%
Druga najdłuższa w AfryceKongo
41%
Rzeka, która wyrzeźbiła Wielki KanionKolorado
34%
Główna rzeka RzymuTyber
33%
Najdłuższa w IndochinachMekong
29%
Tworzy granicę Meksyku i TeksasuRio Grande
21%
Najdłuższa na AlasceJukon
17%
Największa w AustraliiMurray
15%
Tworzy granicę Oregonu i WaszyngtonuKolumbia
7%

Rozkład punktacji

Percentyl według liczby udzielonych odpowiedzi

Procent ludzi z każdym wynikiem

Twoja historia wyników

Nie rozwiązałeś tego quizu